| 000 | 00674nam a22001935i 4500 | ||
|---|---|---|---|
| 001 | 157779 | ||
| 003 | ES-MaACL | ||
| 005 | 20230906210839.0 | ||
| 008 | 040813s1875 gw |||| | eng d | ||
| 040 |
_aCAM _bspa _cCAM |
||
| 100 | 1 |
_aLinton, E. Lynn. _9128964 |
|
| 245 | 1 | 0 |
_aPatricia Kemball _b: a novel / _cby E. Lynn Linton. |
| 260 |
_aLeipzig : _bBernhard Tauchnitz, _c1875. |
||
| 300 |
_a2 v. (318; 310 p.) ; _c16 cm. |
||
| 490 | 1 |
_aCollection of british authors ; _v1467; 1468 |
|
| 830 | 0 |
_aCollection of british authors ; _v1467; 1468 _9180703 |
|
| 852 |
_aES-MaACL _jG-11815 _z-- Enc. hol. conservando la cub. original _z-- 2 t. en 1 v. |
||
| 999 |
_c157779 _d157779 |
||